Change in overall progressivity of direct personal taxation after 2013 tax reform in Slovakia
Daň z príjmu na Slovensku, progresívna po r. 2013 a ďalšie fiškálne opatrenia vlády za účelom zmiernenia príjmových disparít na Slovensku. Pokles progresivity predovšetkým z dôvodu obmedzenia manželského príspevku. Krivka Lorenzova, Kakwani index, Giniho koefiecient.
Uložené v:
| Hlavný autor: | |
|---|---|
| Médium: | Kapitola |
| Jazyk: | English |
| Predmet: | |
| Tagy: |
Žiadne tagy, Buďte prvý, kto otaguje tento záznam!
|
MARC
| LEADER | 00000naa$a2200000$$$4500 | ||
|---|---|---|---|
| 001 | 0197237 | ||
| 005 | 20240502073331.1 | ||
| 041 | 0 | |a eng | |
| 044 | |a SK | ||
| 245 | 1 | 0 | |a Change in overall progressivity of direct personal taxation after 2013 tax reform in Slovakia |c Ján Remeta |
| 520 | |a Daň z príjmu na Slovensku, progresívna po r. 2013 a ďalšie fiškálne opatrenia vlády za účelom zmiernenia príjmových disparít na Slovensku. Pokles progresivity predovšetkým z dôvodu obmedzenia manželského príspevku. Krivka Lorenzova, Kakwani index, Giniho koefiecient. | ||
| 610 | 2 | 0 | |a dane progresívne |
| 610 | 2 | 0 | |a zaťaženie daňové |
| 610 | 2 | 0 | |a reformy daňové |
| 610 | 2 | 0 | |a disparita |
| 610 | 2 | 0 | |a prerozdeľovanie zdrojov finančných |
| 100 | 1 | |a Remeta, Ján | |